000 00464nam a2200145 a 4500
005 20140412111247.0
008 001117s19uu xx 00 eng d
050 _aTR(GS 428.6
_bGRA
100 _aGray Williams
245 _aThink - and - do book : to accompany Guess Who /
_cWilliam S. Gray, A. Sterl Artley, and Marion Monroe; illustrated by Miriam & Arch Huford.
300 _a48 p.
440 _aThe New Basic Readers
650 _aReading
999 _c102976
_d102976